000 00441nam a2200181Ia 4500
001 22932
005 20260414150903.0
008 260414t1982||||xx |||||||||||||| ||spa||
041 _aESP
082 _a624.17
_bZ943M
100 _aZienkiewicz, O. C.
_eAUT
245 0 _aEl método de los elementos finitos
_b
260 _c1982
300 _axxiii, 903 páginas :
_c21 cm.
650 _a0
654 _aCIC
942 _cLIB
_dJUS
_fJUS
_2ddc
_n
999 _c22932
_d22932